| 000 | 00706nam a2200157 i 4500 | ||
|---|---|---|---|
| 001 | 103034 | ||
| 003 | ES-MaACL | ||
| 005 | 20230906183242.0 | ||
| 007 | t| | ||
| 008 | 051228s1770 sp ||||1| spa d | ||
| 100 | 1 |
_aInchoffèr, Melchor. _965239 |
|
| 245 | 1 | 0 |
_aMonarchia de los solipsos por Lucio Cornelio Europeo, Esto es Exacta descripcion del pernicioso gobierno interior y exterior, Leyes, Prácticas y Costumbres domesticas de los Jesuitas / _cCompuesta por... Melchor Inchoffer, jesuita... Traducida del Latin al Español e ilustrada con multitud de notas. |
| 260 |
_aMadrid : _bEn la Oficina de D. Antonio Mayoral, _c1770. |
||
| 300 |
_a[12], 284, [5] p. ; _c15 cm. |
||
| 852 |
_aES-MaACL _jR-3463 |
||
| 999 |
_c103034 _d103034 |
||